000 01938nam a22002537a 4500
005 20250530154731.0
008 250414b |||||||| |||| 00| 0 eng d
020 _a9781788739771
040 _cSDCL
041 _2eng
_aeng
084 _aY:1.1'P R1
100 _aGornick, Vivian
_9612932
245 _aTaking a long look :
_bEssays on culture, literature and feminism in our time
260 _aLondon :
_bBloomsbury,
_c2021.
300 _axi,288p.
520 _aFor nearly fifty years, Vivian Gornick’s essays, written with her characteristic clarity of perception and vibrant prose, have explored feminism and writing, literature and culture, politics and personal experience. Drawing writing from the course of her career, All That is Given illuminates one of the driving themes behind Gornick’s work: that the painful process of understanding one's self is what binds us to the larger world. In these essays, Gornick explores the lives and literature of Alfred Kazin, Mary McCarthy, Diana Trilling, Philip Roth, Joan Didion, and Herman Melville; the cultural impact of Silent Spring and Uncle Tom’s Cabin; and the characters you might only find in a New York barber shop or midtown bus terminal. Even more, All That Is Given brings back into print her incendiary essays, first published in the Village Voice, championing the emergence of the women’s liberation movement of the 1970s. Alternately crackling with urgency or lucid with insight, the essays in All That Is Given demonstrate one of America’s most beloved critics at her best.
650 _aFeminism, Literature -- History and criticism
_9811258
650 _aBiography & Autobiography / Personal Memoirs
_9811245
650 _aLiterary Collections / Essays
_9811246
650 _aSocial Science / Feminism & Feminist Theory
_9811259
650 _aSocial Science / Popular Culture, Culture
_9811260
942 _2CC
_cTEXL
_n0
999 _c1308945
_d1308945